El fin de la utopía

Gardado en:
Detalles Bibliográficos
Autor Principal: Marcuse, Herbert (autor)
Formato: Libro
Idioma:Lingua castelá
Publicado: Buenos Aires Siglo Veintiuno 1969
Edición:4a. ed
Series:Sociología y Política
Subjects:
Tags: Engadir etiqueta
Sen Etiquetas, Sexa o primeiro en etiquetar este rexistro!

MARC

LEADER 00000nam a2200000 a 4500
001 UCT5983
003 CL-VaPUC
008 961223e19690700AG |||||||||||||||||spa|d
082 0 4 |a 320.01  |b MAR  |2 21 
100 |a Marcuse, Herbert  |e autor  |9 329251 
245 1 3 |a El fin de la utopía 
250 |a 4a. ed 
300 |a 170 p 
942 |c BK 
945 |d 19961223 00:00:00  |a paguirre 
260 |a Buenos Aires  |b Siglo Veintiuno  |c 1969 
650 0 |a Ideologías  |9 255200 
650 7 |a FILOSOFIA POLITICA  |2 CL-VaPUC  |9 375669 
650 7 |a TEORIA POLITICA  |2 CL-VaPUC  |9 375670 
650 7 |a MARXISMO  |2 CL-VaPUC  |9 375671 
650 0 |a Ética  |9 255099 
650 0 |a Filosofía social  |9 268191 
650 0 |a Violencia  |9 255411 
651 7 |a VIETNAM  |2 CL-VaPUC  |9 313552 
583 |a last modification  |c 19961223 00:00:00  |k Rodrigo Vera 
490 0 |a Sociología y Política 
999 |c 254749  |d 254747 
952 |0 0  |1 0  |4 0  |6 320_010000000000000_MAR_1969  |7 0  |8 A  |9 276620  |a BIBDER  |b BIBDER  |d 2019-11-19  |i 179969K  |o 320.01 MAR 1969  |p 179969K  |r 2023-01-25  |w 2019-11-19  |y BK  |k DER 
952 |0 0  |1 0  |4 0  |6 320_010000000000000_MAR_1969  |7 0  |8 A  |9 276621  |a BIBHIS  |b BIBHIS  |d 2019-11-19  |i 1387502  |o 320.01 MAR 1969  |p 1387502  |r 2025-01-20  |w 2019-11-19  |y BK  |k HIS